| 000 | 00369nam a2200133Ia 4500 | ||
|---|---|---|---|
| 008 | 191206s9999 xx 000 0 und d | ||
| 020 | _a0275921956 (alk. pap | ||
| 090 | _aHD7256U5W38 | ||
| 245 | 4 | _aThe Management of Change: Administrative logics and actions | |
| 260 | _aPraeger | ||
| 260 | _cc1986 | ||
| 300 | _a"xviii, 210 p. ; 25 cm." | ||
| 999 |
_c17083 _d17083 |
||